000 00275nam a22001217a 4500
008 180216b xxu||||| |||| 00| 0 eng d
041 _aeng
080 _246 ED
_a54
100 _a12
101 _aKIM
245 _aHANDBOOK CHEMISTRY PHYSICS
_cCHAM.D.H
942 _2udc
_cBK
999 _c42804
_d42804